|
|
|
|
| LEADER |
00000cam a2200000 7i4500 |
| 001 |
0000003302 |
| 005 |
20050822.0 |
| 020 |
0 |
0 |
|a 9839909711
|
| 090 |
0 |
0 |
|a 634.973760959511422
|b AZA
|
| 100 |
1 |
0 |
|a Azahar Muda, Dato'
|
| 245 |
1 |
2 |
|a A working plan for the matang mangrove forest reserves, perak :
|b the third 10-year period (2000-2009) of the second rotation.
|c Dato' Azahar Muda, Nik Mohd Shah Nik Mustafa.
|
| 250 |
0 |
0 |
|a 5th rev.
|
| 260 |
0 |
0 |
|a Perak :
|b State forestry Deparment of Perak ,
|c 2003
|
| 300 |
|
|
|a 320 p. :
|b ill ;
|c 25 cm.
|
| 650 |
0 |
0 |
|a Forest and forestry
|z Perak
|z Matang
|
| 650 |
0 |
0 |
|a Forest management
|z Perak
|z Matang
|
| 650 |
0 |
0 |
|a Forest reserves
|z Perak
|z Matang
|
| 650 |
0 |
0 |
|a Hutan simpan paya bakau matang
|
| 650 |
0 |
0 |
|a Mangrove swamps
|z Perak
|z Matang
|
| 700 |
1 |
1 |
|a Nik Mohd Shah Nik Mustafa
|
| 710 |
2 |
1 |
|a Jabatan Perhutanan Negeri Perak
|
| 999 |
|
|
|a 0000006256
|b Monograph
|c Open Shelf
|e Default branch
|